Регионална библиотека "Любен Каравелов" - Русе

Природни бедствия (Запис номер 72172)

MARC детайли
000 -Лидер
Контролно поле с фиксирана дължина 01941nam a2200397 a 4500
003 - Код на организацията, давaща контролен номер
Контролно поле BLK
005 - Дата и час на последна редакция
Контролно поле 20250310115348.0
008 - Елементи от данни с фиксирана дължина
fixed length control field 180408b bul|||||r ||||||| ||bul||
010 ## - Наследен системен номер
LC control number KNG00076546000
020 ## - Международен стандартен номер на книга ISBN
Международен стандартен номер на книга ISBN 978-954-308-184-4
040 ## - Източник на каталожния запис
Идентификатор на билиотеката - собственик на записа BLK
041 ## - Код за език
Код за езика на текст/звукозапис или на отделно заглавие Български
Код за езика КДБФ Български
080 ## - УДК
Текстов определител УДК Геофизика. Вж и 523.31
УДК код - определител по УДК 550.3
УДК - код + определител 550.3
080 ## - УДК
Текстов определител УДК Природна среда и опасност от нарушаване на равновесието в нея(в цялост)-Фактори, влияещи на равновесието;опасност за природната среда от страна на селското стопанство и промишлеността (освен замърсяв
УДК код - определител по УДК 502.5
УДК - код + определител 502.5
080 ## - УДК
Текстов определител УДК Санитарна защита от злополуки. Опасности от възникване на увреждания. Първа помощ
УДК код - определител по УДК 614.8
УДК - код + определител 614.8
139 ## - Редно поле
Редна дума Природни бедствия
Авторски знак Прил - П 88
245 10 - Сведения за заглавието
Заглавие Природни бедствия
Редно поле (дума) прев. Михаела Михайлова.
257 ## - Страна на издаване
Страна на създаване/издаване Великобритания
260 ## - Област на издателските данни
Име на издателя, разпространителя и проч. Прес
Година на издаване 2007
Печатница Пловдив : Делта +
Място на издаване, разпространение и проч. София
300 ## - Физическа характеристика
Страници 64 с.
Илюстрации и др. с цв. ил.
Размери/Мащаб 29 см
380 ## - Жанр
Жанр Детска отраслова лит.
490 ## - СЕРИИ (Колекции)
Име на серия Библиотека Знание
№: серия 27
9 (RLIN) 202259
490 ## - СЕРИИ (Колекции)
Име на серия Kingfisher
9 (RLIN) 203602
500 ## - Общи забележки
Забележка Ориг. загл. Natural Disastes. - Съдържа и Речник. - Продължение на поредицата Britannica.
590 ## - Забележки на библиотеката, притежаваща документа (RLIN)
Служебно Енциклопедия Британика
650 #4 - Допълнително описание по предмет – тема
Основно описание – тема или топоним Природни бедствия
9 (RLIN) 260341
653 ## - Ключова дума – ненормативна
Ключова дума природни бедствия
700 1# - Други автори (авторска отговорност)
Лично име Михайлова, Михаела
Автороска отговорност (Описва отношението между автора и произведението) прев.
9 (RLIN) 367017
852 ## - Местоположение
Форматна сигнатура Цб ІІ 14180
Фондова буква Хранилище
856 4# - Електронен адрес и достъп
Електронен формат pdf - файл
856 4# - Електронен адрес и достъп
Електронен формат pdf - файл
999 ## - СИСТЕМНИ КОНТРОЛНИ НОМЕРА
Koha biblionumber 72172
Koha biblioitemnumber 72172
942 ## - АРТИКУЛИ
Вид на библиотечния материал Книги
Скрит в OPAC Не
Koha issues (borrowed), all copies 8
Периодичен библиозапис Да
944 ## - СЪЗДАВАНЕ И РЕДАКЦИЯ на ЗАПИСА
Създаване/Редакция Създаване
Дата на регистрацията/редакция 27.07.2007
Служител, извършил регистрацията/редакцията 30564
Статус, дата на статуса Анна Гръцманова
944 ## - СЪЗДАВАНЕ И РЕДАКЦИЯ на ЗАПИСА
Създаване/Редакция Редакция
Дата на регистрацията/редакция 14.01.2008
999 ## - СИСТЕМНИ КОНТРОЛНИ НОМЕРА
Koha biblioitemnumber 72172
Наличности
Код за отписване Код за изгубен артикул Код за повреда Коз за рестрикции Код за отдаване Артикулен № Име на библиотеката - собственик Име на библиотеката, в която се намира в момента Статус (Текущо местоположение) Дата на вписване в системата Местоположение - отдел Цена в лева Инвентарен номер Систематично азбучна сигнатура Баркод Номер на екземпляра Цена в евро Служебна бележка Служебен тип на артикула Източник на класификационната схема
  Не е изгубен Не е повреден без рестрикции заемане за дома 117703 Регионална библиотека "Любен Каравелов" Русе Регионална библиотека "Любен Каравелов" Русе Детски отдел 2007-07-27 Детски отдел 6.00 120000715657 Д 55/П 88 120000715657 1 3.07 Дост: Pk Вид: Ф N: 65 Дата: 17.07.2007 Дата инв: 19.08.2015 Бележки инв: Д2015 Книги  
  Не е изгубен Не е повреден само за читалня ползва се в читалня 117704 Регионална библиотека "Любен Каравелов" Русе Регионална библиотека "Любен Каравелов" Русе Хранилище 2008-01-14 Хранилище 6.00 120000722018 Цб ІІ 14180 120000722018 2 3.07 Дост: Dp Вид: Д N: 37 Дата: 23.08.2007 Книги Universal Decimal Classification
Vip Innovations Ltd, Rousse, Bulgaria 2025